Estadísticas para Historia por Letra - Y

Haz click aquí para intentar la prueba.

Estadísticas generales

  • Esta prueba ha sido intentada 1.579 veces
  • La puntuación promedio es 7 de 17

Estadísticas de respuestas

PistaRespuesta% Correcto
El país que se rompió en pedazos en 1992Yugoslavia
94%
El nombre de pila del cosmonauta GagarinYuri
73%
Este parque, creado en los Estados Unidos en 1872, es el parque nacional más antiguo del mundoYellowstone
71%
La península que fue golpeada por un asteroide, 65 millones ACYucatán
67%
Ciudad en la isla de Java; antiguamente conocida como BataviaYakarta
60%
El nombre original de San Francisco, California{Yerba} Buena
49%
Lugar de reunión de Churchill, Stalin y RooseveltYalta
48%
El primer líder de Rusia elegido democráticamenteBoris Yeltsin
46%
Idioma que fue común entre los judíos europeosYidis
35%
Día festivo en el que los estados árabes lanzaron un ataque sorpresa a IsraelYom Kipur
29%
Comandante de la marina japonesa durante la Segunda Guerra MundialIsoroku
Yamamoto
24%
La dinastía mongola que gobernó ChinaYuan
23%
La forma en que los pastores gritaban a través de los AlpesYodel
22%
Lugar de una fría fiebre del oro en la década de 1890Yukon
20%
Fundador de Salt Lake CityBrigham Young
17%
Vacaciones de invierno de los paganos germánicosYule
13%
Rompió la barrera del sonidoChuck Yeager
9%

Distribución de puntuación

Porcentaje por número respondido

Porcentaje de gente con cada puntuación

Historial de tus puntuaciones

No has intentado esta prueba.